000 00270nam a22001217a 4500
003 SGT
082 _a370
_bNAI
100 _aNAIK, DR. PARUL S.
245 _aCOUNSELLING SKILLS FOR EDUCATIONIST
260 _aJAIPUR
_bASD PUB.
_c2013
300 _a248
942 _2ddc
_cBK
999 _c18979
_d18979